KOHA-Header-6

Introduction to Data Communications and Networking (Record no. 9522)

000 -LEADER
fixed length control field 00283nam a2200109Ia 4500
100 ## - MAIN ENTRY--AUTHOR NAME
Personal name Wayne Tomasi
245 #0 - TITLE STATEMENT
Title Introduction to Data Communications and Networking
260 ## - PUBLICATION, DISTRIBUTION, ETC. (IMPRINT)
Place of publication New Jersey
Name of publisher Willey
Year of publication 2000
300 ## - PHYSICAL DESCRIPTION
Number of Pages 278
942 ## - ADDED ENTRY ELEMENTS (KOHA)
Koha item type Books
Holdings
Withdrawn status Lost status Collection code Permanent Location Current Location Shelving location Date acquired Full call number Accession Number Koha item type
    Computer Networking MAJU MAJU   2019-09-14 338.005 5324 Computer Networking

Powered by Koha